00520 a2200157 4500003000500000005001700005040000900022082001200031245009400043505003000137650002100167651002600188655002600214999001900240952010300259Nust20170207154601.0 cNust a025.34  aChosing your english dialogues for lessons : Units : 21-30, side 1: units: 31-40, side 2  aAlmirah No.73 shelf No.6  aEnglish learning aChosing your english  aDialogues for lessons c198596d198596 00102ddc40708NFICaMCSbMCSd2016-12-12l0o025.34 CHOpMCSCst-10r2016-12-08w2016-12-12yBK